Η συνέλευση για το μέλλον της Ευρωπαϊκής Ένωσης

Αποθηκεύτηκε σε:
Λεπτομέρειες βιβλιογραφικής εγγραφής
Κύριος συγγραφέας: Παπαδημητρίου, Γιώργος Αλ., 1944-2009
Άλλοι συγγραφείς: Καριψιάδης, Γιώργος, Παπανικολάου, Κυριάκος Π.
Μορφή: Βιβλίο
Γλώσσα:Greek
Δημοσίευση: Αθήνα : Παπαζήσης, 2002.
Σειρά:Διεθνής και ευρωπαϊκή πολιτική (Παπαζήσης)
Θέματα:
Ετικέτες: Προσθήκη ετικέτας
Δεν υπάρχουν, Καταχωρήστε ετικέτα πρώτοι!

MARC

LEADER 00000cam a2200000 i 4500
001 1/97121
008 081112s2002 gr | ||| |||| ||gre||
020 |a 960021557X 
035 |l 10101595 
040 |a GR-MyUa  |b gre  |e AACR2 
041 0 |a gre 
082 7 |a 321.04094   |2 (22) 
100 1 |a Παπαδημητρίου, Γιώργος Αλ.,   |d 1944-2009. 
245 1 2 |a Η συνέλευση για το μέλλον της Ευρωπαϊκής Ένωσης /   |c Γ. Παπαδημητρίου, Γ. Καριψιάδης, Κ. Παπανικολάου. 
260 |a Αθήνα :   |b Παπαζήσης,   |c 2002. 
300 |a 109 σ. ;   |c 21 εκ. 
490 1 |a (Διεθνής και ευρωπαϊκή πολιτική / Παπαζήσης) 
504 |a Περιλαμβάνει βιβλιογραφίες. 
610 2 0 |a European Union. 
611 2 0 |a European Convention   |d (2002-2003 :   |c Brussels, Belgium) 
650 0 |a Law  |z European Union countries. 
700 1 |a Καριψιάδης, Γιώργος. 
700 1 |a Παπανικολάου, Κυριάκος Π. 
830 0 |a Διεθνής και ευρωπαϊκή πολιτική (Παπαζήσης) 
852 |a INST  |b RHODES  |e 20081112  |h 321.04094 ΠΑΠ  |p 005400031370  |q 005400031370  |t BK  |y 0 
901 |a BIBL4-2008-3 
970 |a Χαριοπολίτου  |b Κωνσταντίνα  |z 12/11/2008